La comunidad como sistema dinámico

Saved in:
Bibliografiske detaljer
Hovedforfatter: Johansen Bertoglio, Oscar (Author)
Format: Bog
Sprog:spansk
Udgivet: Santiago Universidad de Chile 1988
Serier:Serie texto
Fag:
Tags: Tilføj Tag
Ingen Tags, Vær først til at tagge denne postø!

MARC

LEADER 00000nam a2200000 a 4500
001 UCW4152
003 CL-VaPUC
008 890928e19880000CL |||||||||||||||||spa|d
082 0 4 |a 307  |b JOH  |2 21 
100 |a Johansen Bertoglio, Oscar  |e author  |9 590862 
245 1 3 |a La comunidad como sistema dinámico 
300 |a 238 p 
942 |c BK 
945 |d 19890928 00:00:00 
260 |a Santiago  |b Universidad de Chile  |c 1988 
650 0 |a Comunidad  |9 308730 
583 |a last modification  |c 19890928 00:00:00  |k Rodrigo Vera 
490 0 |a Serie texto 
999 |c 217945  |d 217943 
952 |0 0  |1 0  |4 0  |6 307_000000000000000_JOH_1988  |7 0  |8 A  |9 206650  |a BIBEDU  |b BIBEDU  |d 2019-11-15  |i 2744732  |o 307 JOH 1988  |p 2744732  |r 2019-11-15  |w 2019-11-15  |y BK  |k EDU